| 000 | 00711nam a2200217Ia 4500 | ||
|---|---|---|---|
| 001 | 8444 | ||
| 003 | GE_BSU | ||
| 008 | 181216s||||||||xx |||||||||||||| ||und|| | ||
| 040 | _cGE_BSU | ||
| 080 | _a821.353.1-11 | ||
| 100 | _aეული, სანდრო | ||
| 245 | _aეპოქის ავტორი: ეპოპეა წიგნი პირველი (ი.ბ. სტალინისადმი) | ||
| 245 | _cრედ.: ი. აბაშიძე | ||
| 260 | _aთბილისი. | ||
| 260 | _bფედერაცია. | ||
| 260 | _c1941 | ||
| 300 | _a58 გვ; 17 სმ. | ||
| 653 | _aეპოპეა | ||
| 653 | _aეპოქის ავტორი | ||
| 942 | _cBK | ||
| 999 |
_c41763 _d41763 |
||